000
00305nam a2200133Ia 4500
082
_a
150
_b
P12B
100
_a
BANSAL, NAVDEEP
245
_a
TB. OF PSYCHOLOGY & SOCIOLOGY FOR GNM STUDENTS
250
_a
1ST
260
_b
JAYPEE
_a
DELHI
_c
2012
300
_a
172
650
_a
PSYCHOLOGY
942
_2
ddc
_c
BK
_0
13
999
_c
2421
_d
2421